000 00583nam a2200193Ia 4500
005 20250508162702.0
008 008 250505s9999 xx 000 0 eng d
020 _a81-7035-045-X
037 _aTextual
040 _aFEDL
_beng
_cFEDL
041 _aeng
_2eng
084 _a371.97, PAN
_qFEDL
100 _aPandey Prem Narain
_9257920
245 0 _aEducation and social mobility: A text with reference to scheduled castes
260 _aDelhi, India
_bDaya Publishing House
_c1988
300 _axv,198p.
942 _cTEXL
_h371.97, PAN
999 _c1378048
_d1378048